Can you go from Morocco to Egypt? - Statistics

General Stats
  • This quiz has been taken 72 times
  • The average score is 6 of 12
Answer Stats
Question Tile Select % Correct
Click on Morocco to start Morocco Yes
98%
Click on Morocco to start Algeria Yes
78%
Click on Morocco to start Mali Yes
64%
Click on Morocco to start Egypt Yes
62%
Click on Morocco to start Sudan Yes
53%
Click on Morocco to start Nigeria Yes
42%
Click on Morocco to start CAR Yes
38%
Click on Morocco to start Benin Yes
36%
Click on Morocco to start Cote D'Ivoire Yes
35%
Click on Morocco to start Togo Yes
35%
Click on Morocco to start Ghana Yes
33%
Click on Morocco to start Cameroon Yes
29%
No matching quizzes found
Score Distribution
Percent of People with Each Score
Percentile by Number Answered
Your Score History
You have not taken this quiz